Solemne sesión apologética celebrada por la Facultad de Medicina de Valencia para honrar la memoria de sus antiguos catedráticos los doctores Plaza, Collado y Piquer (Record no. 165519)
[ view plain ]
| 000 -LEADER | |
|---|---|
| campo de control de longitud fija | 01646nam a22002775i 4500 |
| 001 - NÚMERO DE CONTROL | |
| campo de control | 165519 |
| 003 - IDENTIFICADOR DE NÚMERO DE CONTROL | |
| campo de control | ES-MaACL |
| 005 - FECHA Y HORA DE LA ÚLTIMA TRANSACCIÓN | |
| campo de control | 20250722065505.0 |
| 008 - DATOS DE LONGITUD FIJA--INFORMACIÓN GENERAL | |
| campo de control de longitud fija | 000113s1895 sp ac |||| | spa d |
| 040 ## - FUENTE DE CATALOGACIÓN | |
| Centro catalogador/agencia de origen | CCPB | B |
| Lengua de catalogación | spa |
| Centro/agencia transcriptor | CCPB | B |
| 245 00 - MENCIÓN DEL TÍTULO | |
| Título | Solemne sesión apologética celebrada por la Facultad de Medicina de Valencia para honrar la memoria de sus antiguos catedráticos los doctores Plaza, Collado y Piquer |
| Resto del título | : abril de 1895. |
| 260 ## - PUBLICACIÓN, DISTRIBUCIÓN, ETC. | |
| Lugar de publicación, distribución, etc. | Valencia : |
| Nombre del editor, distribuidor, etc. | [s.n.], |
| Fecha de publicación, distribución, etc. | 1895 ( |
| Fabricante | Imprenta de Federico Domenech) |
| 300 ## - DESCRIPCIÓN FÍSICA | |
| Extensión | 312 p. : |
| Otras características físicas | il. ; |
| Dimensiones | 27 cm. |
| 505 8# - NOTA DE CONTENIDO CON FORMATO | |
| Nota de contenido con formato | Contiene: Noticia histórica del catedrático valenciano de materia médica Dr. Juan Plaza / escrita por Vicente Peset y Cervera. El Doctor Luis Collado catedrático del siglo XVI : memoria apologética / por Peregrín Casanova y Ciurana. Ensayo biográfico-bibliográfico del Dr. D. Andrés Piquer y Arrufat / por Julio Magraner y Marinas. Homenaje de respeto, consideración y afecto á la Escuela Médica Valenciana / discurso por el Dr. D. Nicolás Ferrer y Julve |
| 599 ## - NOTA A LAS ILUSTRACIONES | |
| NOTA A LAS ILUSTRACIONES | Il. grab. xil. intercalados en el texto, con los retrs. de dichos Doctores. |
| 600 14 - PUNTO DE ACCESO ADICIONAL DE MATERIA--NOMBRE DE PERSONA | |
| Nombre de persona | Plaza, Juan- |
| Subdivisión de forma | Biografías. |
| 9 (RLIN) | 131217 |
| 600 14 - PUNTO DE ACCESO ADICIONAL DE MATERIA--NOMBRE DE PERSONA | |
| Nombre de persona | Collado, Luis- |
| Subdivisión de forma | Biografías. |
| 9 (RLIN) | 126540 |
| 600 17 - PUNTO DE ACCESO ADICIONAL DE MATERIA--NOMBRE DE PERSONA | |
| Nombre de persona | Piquer, Andrés, |
| Fechas asociadas al nombre | 1711-1772- |
| Subdivisión general | Biografías |
| Fuente del encabezamiento o término | |
| 9 (RLIN) | 131176 |
| 700 1# - ENTRADA AGREGADA--NOMBRE PERSONAL | |
| Nombre de persona | Peset y Cervera, Vicente. |
| 9 (RLIN) | 91439 |
| 700 1# - ENTRADA AGREGADA--NOMBRE PERSONAL | |
| Nombre de persona | Casanova Cuirana, Peregrín. |
| 9 (RLIN) | 152585 |
| 700 0# - ENTRADA AGREGADA--NOMBRE PERSONAL | |
| Nombre de persona | Ferrer y Julve, Nicolás. |
| 9 (RLIN) | 50510 |
| 700 1# - ENTRADA AGREGADA--NOMBRE PERSONAL | |
| Nombre de persona | Magraner y Marinas, Julio. |
| 9 (RLIN) | 152586 |
| 710 2# - ENTRADA AGREGADA--NOMBRE DE ENTIDAD CORPORATIVA | |
| Nombre de entidad corporativa o nombre de jurisdicción como elemento de entrada | Universidad de Valencia. |
| Unidad subordinada | Facultad de Medicina. |
| 9 (RLIN) | 7327 |
| 852 ## - LOCALIZACIÓN | |
| Ubicación | ES-MaACL |
| Número de control de estantería | G-9959 |
| Nota libre | -- Enc. hol. |
| Estatus retirado | Estado de pérdida | Estado de daño | No para préstamo | Colección | Biblioteca de origen | Biblioteca actual | Ubicación en estantería | Fecha de adquisición | Fuente de adquisición | Total de préstamos | Signatura topográfica completa | Código de barras | Visto por última vez | Precio de reemplazo | Tipo de ítem Koha |
|---|---|---|---|---|---|---|---|---|---|---|---|---|---|---|---|
| Libros del s. XIX | Biblioteca del Ateneo de Madrid | Biblioteca del Ateneo de Madrid | Sala Pecera Planta 3 | 17/01/2008 | G-9959 | 1173579 | 23/02/2023 | 23/02/2023 | Libro impreso antiguo |
